The McMahon line, Volume-2 (Record no. 21429)

MARC details
000 -LEADER
fixed length control field 01166cam a22003251 4500
001 - CONTROL NUMBER
control field 6601583
003 - CONTROL NUMBER IDENTIFIER
control field BDDh-ASL
005 - DATE AND TIME OF LATEST TRANSACTION
control field 20231015030007.0
008 - FIXED-LENGTH DATA ELEMENTS--GENERAL INFORMATION
fixed length control field 740118s1966 enkb b 000 0 eng
010 ## - LIBRARY OF CONGRESS CONTROL NUMBER
LC control number 66073855
015 ## - NATIONAL BIBLIOGRAPHY NUMBER
National bibliography number B66-13299
035 ## - SYSTEM CONTROL NUMBER
System control number (OCoLC)779060
040 ## - CATALOGING SOURCE
Original cataloging agency DLC
Transcribing agency NBuU
Modifying agency OCoLC
-- Uk
-- DLC
-- BDDh-ASL
042 ## - AUTHENTICATION CODE
Authentication code premarc
050 00 - LIBRARY OF CONGRESS CALL NUMBER
Classification number DS450.C5
Item number L32 1966
082 ## - DEWEY DECIMAL CLASSIFICATION NUMBER
Classification number 327.5405
Item number LAM
100 1# - MAIN ENTRY--PERSONAL NAME
Personal name Lamb, Alastair,
Dates associated with a name 1930-
245 14 - TITLE STATEMENT
Title The McMahon line, Volume-2
Remainder of title a study in the relations between India, China and Tibet, 1904-1914 /
260 ## - PUBLICATION, DISTRIBUTION, ETC.
Place of publication, distribution, etc. London:
Name of publisher, distributor, etc. Routledge & K. Paul;
Place of publication, distribution, etc. Toronto:
Name of publisher, distributor, etc. Toronto U.P.,
Date of publication, distribution, etc. 1966.
300 ## - PHYSICAL DESCRIPTION
Extent v-2, 656, xx
Other physical details maps.
Dimensions 23 cm.
490 0# - SERIES STATEMENT
Series statement Studies in political history
504 ## - BIBLIOGRAPHY, ETC. NOTE
Bibliography, etc. note Bibliography: p. 645-656.
505 0# - FORMATTED CONTENTS NOTE
Formatted contents note v. 1. Morley, Minto and noninterference in Tibet. v. 2. Hardinge, McMahon and the Simla Conference.
650 #0 - SUBJECT ADDED ENTRY--TOPICAL TERM
9 (RLIN) 2973
Topical term or geographic name entry element Internatioal Relation
651 #0 - SUBJECT ADDED ENTRY--GEOGRAPHIC NAME
Geographic name China
General subdivision Boundaries
Geographic subdivision India.
651 #0 - SUBJECT ADDED ENTRY--GEOGRAPHIC NAME
Geographic name India
General subdivision Boundaries
Geographic subdivision China.
651 #0 - SUBJECT ADDED ENTRY--GEOGRAPHIC NAME
Geographic name Tibet Autonomous Region (China)
General subdivision Politics and government.
906 ## - LOCAL DATA ELEMENT F, LDF (RLIN)
a 7
b cbc
c oclcrpl
d u
e ncip
f 19
g y-gencatlg
942 ## - ADDED ENTRY ELEMENTS (KOHA)
Source of classification or shelving scheme Dewey Decimal Classification
Koha item type Books
Holdings
Withdrawn status Lost status Source of classification or shelving scheme Damaged status Not for loan Collection code Home library Current library Shelving location Date acquired Source of acquisition Serial Enumeration / chronology Total Checkouts Full call number Barcode Date last seen Copy number Price effective from Koha item type
    Dewey Decimal Classification     Non-fiction Asiatic Society Library Asiatic Society Library General Stacks 02/01/2021 ASB Collection V-2   327.5405 LAM 105143 02/01/2021 C-1 02/01/2021 Books

Powered by Koha